| 000 | 00677 a2200205 4500 | ||
|---|---|---|---|
| 010 | _aENG-85490 | ||
| 020 |
_c350.00 _a8190186019 |
||
| 035 | _aEN-69023 | ||
| 037 | _bD.B.Act / Pub | ||
| 082 | 1 | 4 | _a337 |
| 090 |
_c2806 _d2806 |
||
| 100 | 1 | _aOrati, Vittorangelo | |
| 245 | 1 |
_aGlobasization _cby Vittorangelo Orati _bscientifically unfounded |
|
| 260 |
_aBanglore _c2005 _bEsquire Publications |
||
| 270 |
_a45/1, 2nd Cross, Nagappa Block, _bBanglore _e560 021 _k91-080-23131836 |
||
| 300 |
_axii, 129 p. _c22 cm (Hb.) |
||
| 500 | _aIncludaes index | ||
| 942 |
_adpl _cEN _k337 / ORA |
||
| 999 |
_c2753 _d2753 |
||